000 00690nam a22001937a 4500
999 _c6957
_d6957
003 AR-CdUCM
008 190319b ||||| |||| 00| 0 spa d
040 _aMUNICIPALIDAD PROVINCIAL DEL CUSCO
_cBIBLIOTECA MUNICIPAL DEL CUSCO
082 _a869.508 /
_bC95
245 _aCuentistas modernos y contemporáneos /
260 _aLima :
_bPatronato del Libro Peruano,
_c1957.
300 _a124 páginas ;
_c17 cm.
500 _aDonación familia Nieto Cuentos de: Ciro Alegría, J. Diez Canseco, J. M. Arguedas, entre otros.
650 _aCuentos peruanos
_97
650 _aSiglo XX
_98
700 _aCisneros, Luis Jaime (prologo y selección)
_919614
942 _2ddc
_cLIBROS
945 _aafb